[Event "Geraardsbergen op"]
[Site "Geraardsbergen"]
[Date "2003.08.15"]
[Round "3"]
[White "Deweerdt, Jan"]
[Black "Lallemand, Paul"]
[Result "1-0"]
[WhiteElo "2082"]
[BlackElo "1871"]
[PlyCount "97"]
[EventDate "2003.08.??"]
[EventType "swiss"]
[EventRounds "7"]
[EventCountry "BEL"]
[SourceTitle "EXT 2005"]
[Source "ChessBase"]
[SourceDate "2004.11.15"]
[SourceVersion "1"]
[SourceVersionDate "2004.11.15"]
[SourceQuality "1"]

1. d4 d5 2. c4 e6 3. g3 Nf6 4. Bg2 Nbd7 5. Nf3 c6 6. 0-0 Bd6 7. Nc3 0-0 8. Nd2 e5 9. cxd5 Nxd5 10. Nc4 Nxc3 11. bxc3 Bc7 12. Ba3 Re8 13. Qc2 Nb6 14. Nxb6 Bxb6 15. Rad1 Qf6 16. d5 cxd5 17. Rxd5 Bf5 18. Qa4 Red8 19. Rxd8+ Rxd8 20. Bxb7 Bd7 21. Qc2 Bf5 22. Be4 Bh3 23. Bg2 Bf5 24. Qa4 Bd7 25. Qb4 Bc8 26. e3 h5 27. c4 a5 28. Qe7 Qxe7 29. Bxe7 Rd2 30. Bd5 Bh3 31. Rb1 Bc7 32. Bg2 Bf5 33. e4 Be6 34. Bf3 Rxa2 35. Kg2 Bg4 36. Bxg4 hxg4 37. Rb7 Re2 38. Rxc7 Rxe4 39. c5 Rc4 40. Ra7 a4 41. Ra6 e4 42. c6 Rc2 43. Kf1 f6 44. Bd6 Kf7 45. c7 Ke6 46. Bf4+ Kd7 47. Rd6+ Ke7 48. Rd8 g5 49. Bd6+ 1-0